LEADER 00867nam a2200217 i 4500 001 000000017629 003 CaOOAMICUS 005 20220523162434.0 008 180830s1934 it u000 u ita u 040 $aSeMil$bita 100 1 $aBandello, Matteo,$c.$0(OLS)http://semarc/name/8022 245 10$aTutte le opere di Matteo Bandello /$ca cura di Francesco Flora. 264 1$aMilano :$bMondadori,$c1934-1943. 300 $a2 v. ;$c18 cm. 650 4$aBandello, Matteo - Opere.$0(OLS)http://semarc/subject/2850 700 1 $aFlora, Francesco,$d<1891-1962>.$0(OLS)http://semarc/name/6412 774 0 $t[Volume 1].$w()74241 774 0 $t[2].$w()160828 996 $6245$aTutte le opere di Matteo Bandello$9(OLS)http://semarc/title/23283 996 $6264$aMilano :$bMondadori$9(OLS)http://semarc/publisher/30335 LEADER 00699nam a2200181 i 4500 001 000000027729 003 CaOOAMICUS 005 20180830125447.0 008 180830s1959 it u000 u ita u 040 $aSeMil$bita 100 1 $aDe Angelis, Serafino .$0(OLS)http://semarc/name/12610 245 13$aDe Fidelium Associationibus :$btractatus ratione et usu digestus /$cSeraphinus De Angelis. 260 $aNapoli :$bD'Auria,$c1959. 300 $a2 v. ;$c25 cm. 774 0 $tVol. 1.$w()59003 774 0 $tVol. 2.$w()217180 996 $6245$aDe Fidelium Associationibus :$btractatus ratione et usu digestus$9(OLS)http://semarc/title/37564 996 $6260$aNapoli :$bD'Auria$9(OLS)http://semarc/publisher/30041